000
00296nam a22001337a 4500
008
170215b xxu||||| |||| 00| 0 eng d
020
_a
0195025458
041
_a
eng
080
_2
2ND
_a
61
100
_a
4
101
_a
SHM
245
_a
INTERVIEWING & PATIENT CARE
_c
ENELOW, A.J
942
_2
udc
_c
BK
999
_c
5604
_d
5604